LEADER 01046nam1 2200349 45 001 990000406620203316 005 19981012000000.0 035 $a0040662 035 $aUSA010040662 035 $a(ALEPH)000040662USA01 035 $a0040662 100 $a20001219g1995----km-y1itay0103----ba 101 $aeng 102 $aGB 105 $aa|||||||001yy 200 1 $aDesigners' handbook to Eurocode 2$fA. W. Beeby and R. S. Narayanan 210 $aLondon$cTelford$d1995- 215 $av.$cill.$d25 cm 606 $aStrutture edilizie$xProgettazione$xPaesi della Comunità europea 676 $a624.177102184 700 $aBEEBY,$bAndrew W.$0290466 702 $aNARAYANAN,$bR. S. 801 $aIT$bUNPD$c19981012$dRICA 912 $a990000406620203316 951 $a624.177 102 184 BEE$bIng.$c624$dY 959 $aBK 969 $aTEC 979 $aJOHNNY$b40$c20010419$lUSA01$h1424 979 $c20020403$lUSA01$h1648 979 $aPATRY$b90$c20040406$lUSA01$h1628 996 $aDesigners' handbook to Eurocode 2$9874794 997 $aUNISA LEADER 01161nam2-2200373---450- 001 990006124780203316 005 20160212114114.0 035 $a000612478 035 $aUSA01000612478 035 $a(ALEPH)000612478USA01 035 $a000612478 100 $a20160212d1982----km-y0itay50------ba 101 $aita$alat 102 $aIT 105 $a||||||||001yy 200 1 $a<<1.>> : Miscellanea Francescana$f[a cura di] Orlandus Todisco 210 $aRoma$cPontificia Facoltá Teologica S. Bonaventura$d1982 215 $aIX, 704 p.$d24 cm. 300 $aSul retro del front. : Extractum ex Miscellanea Francescana 82, 1982 410 0$12001 454 1$12001 461 1$1001000612476$12001$aDe Francisco Assisiensi Commentarii 676 $a271.302 702 1$aTODISCO,$bOrlando 712 02$aTerzo ordine regolare di san Francesco 801 0$aIT$bsalbc$gISBD 912 $a990006124780203316 951 $aFC M 2989/1$b2862 FC$cFC$d382391 959 $aBK 969 $aFCIL 979 $aRIVELLI$b90$c20160212$lUSA01$h1135 979 $aRIVELLI$b90$c20160212$lUSA01$h1141 996 $aMiscellanea francescana$9893075 997 $aUNISA LEADER 00917nam a22002531i 4500 001 991003468259707536 005 20031016154921.0 008 031111s1969 uik|||||||||||||||||eng 035 $ab12430882-39ule_inst 035 $aARCHE-046417$9ExL 040 $aDip.to Lingue$bita$cA.t.i. Arché s.c.r.l. Pandora Sicilia s.r.l. 082 04$a823.8 100 1 $aWells, Herbert George$0184654 245 14$aThe invisible man /$cby H. G. Wells ; edited T. S. Gregory 260 $aLondon :$bLongman,$c1969 300 $a1 v. ;$c19 cm 440 0$aLongman simplified english series 700 1 $aGregory, Theophilus Stephen 907 $a.b12430882$b02-04-14$c13-11-03 912 $a991003468259707536 945 $aLE012 D 118$g1$i2012000069718$lle012$o-$pE0.00$q-$rl$s- $t0$u0$v0$w0$x0$y.i12855017$z13-11-03 996 $aInvisible man$9147163 997 $aUNISALENTO 998 $ale012$b13-11-03$cm$da $e-$feng$guik$h4$i1